000 00585nam a2200193Ia 4500
999 _c11284
_d11284
003 OSt
005 20191223154509.0
008 190216s9999||||xx |||||||||||||| ||und||
020 _a9788120346161
040 _coclc
082 _a338.5024658
_bNAD/M
100 _aNadar, E Narayanan
_9638
245 0 _aManagerial Economics /
_c E Narayanan Nadar ; S Vijayan
250 _a2nd ed.
260 _bPhi Learning Private Limited,
_c2013.
_aDelhi:
300 _a310p
650 _aManagerial Economics
942 _cBK
_2ddc
_h338.5024658
_iNAD/M
_k338.5024658
_mNAD/M